Últimos campeões da Copa ES - Statistics

Estatísticas Gerais
  • Esse quiz foi jogado 9 vezes
  • A pontuação média é 14 de 22
Estatísticas das Respostas
Ano Campeão % Correto
2025 Vitória
100%
2022 Vitória
100%
2018 Vitória
100%
2010 Vitória
100%
2009 Vitória
100%
2016 Rio Branco
86%
2023 Serra
71%
2012 Desportiva
57%
2008 Desportiva
57%
2005 Estrela do Norte
57%
2004 Estrela do Norte
57%
2003 Estrela do Norte
57%
2021 Nova Venecia
57%
2024 Porto Vitoria
57%
2019 Real noroeste
57%
2014 Real Noroeste
57%
2013 Real Noroeste
57%
2911 Real Noroeste
57%
2006 Vilavelhense
43%
2017 Atlético Itapemirim
29%
2015 Espírito Santo
29%
2007 Jaguaré
29%
Nenhum quiz correspondente encontrado
Distribuição das Pontuações
Porcentagem de Pessoas com Cada Pontuação
Percentil de Números Respondidos
Sua Pontuação Histórica
Você não jogou esse quiz